La cocina y los alimentos. Enciclopedia de la ciencia y la cultura de la comida.
Uloženo v:
| Hlavní autor: | |
|---|---|
| Další autoři: | |
| Médium: | Neznámo |
| Jazyk: | angličtina |
| Vydáno: |
Madrid, España:
Debate; Penguin Random House,
2007.
|
| Témata: | |
| Tagy: |
Přidat tag
Žádné tagy, Buďte první, kdo vytvoří štítek k tomuto záznamu!
|
MARC
| LEADER | 00000 a2200000 4500 | ||
|---|---|---|---|
| 003 | CL-VaPUC | ||
| 005 | 20231130123738.0 | ||
| 008 | 231113t2017 ||||| |||| 00| 0 eng d | ||
| 999 | |c 441941 |d 441939 | ||
| 020 | |a 978-84-8306-744-4 | ||
| 040 | |c Pontificia Universidad Católica de Valparaíso | ||
| 082 | |2 22 |a 641.5 MCG 2007 | ||
| 100 | |a McGee, Harold |9 884854 |e autor | ||
| 245 | |a La cocina y los alimentos. |b Enciclopedia de la ciencia y la cultura de la comida. | ||
| 260 | |a Madrid, España: |b Debate; |b Penguin Random House, |c 2007. | ||
| 300 | |a XIV, 941 páginas: ilustraciones. | ||
| 583 | |k GC |c 20231113 | ||
| 650 | 0 | |9 256203 |a Alimentos |x Propiedades nutricionales |x Análisis científico e histórico | |
| 650 | 0 | |9 390076 |a Comida |x Aspectos químicos, moleculares, etc. |x Historia de la gastronomía | |
| 700 | |9 885738 |a Ibeas, Juan Manuel |e traducción | ||
| 942 | |2 ddc |c BK | ||
| 952 | |0 0 |1 0 |2 ddc |4 0 |6 641_500000000000000_MCG_2007 |7 0 |8 A |9 592398 |a BIBARQ |b BIBARQ |c GEN |d 2023-11-10 |e 3 |g 35874.00 |i 5659383 |l 1 |m 1 |o 641.5 MCG 2007 |p 5659383 |r 2025-01-20 |s 2024-01-05 |t 1 |v 35874.00 |w 2023-11-10 |y BK |k ARQ | ||